000 00594nam a2200193Ia 4500
003 GCL
008 140319s9999 xx 000 0 ara d
040 _aGCL /
_cGCL
082 0 4 _a415.1
_bهـ ش
100 1 _aمحمد ياسر شرف
245 1 0 _aشرح شذور الذهب /
_cمحمد ياسر شرف
700 1 _aابن هشام، جمال الدين ابومحمد
260 _a[S.N] :
_bمكتبة لبنان ،
_c1990
300 _a274 ص
490 _aكنوز التراث العربى
_v0
650 0 4 _aالنحو
650 0 4 _aاللغة العربية
942 _2ddc
_cBK
999 _c34303
_d34303